000 00397nam a2200145Ia 4500
008 100204s9999 xx 000 0 und d
082 _b26559
100 _aDIXAN FRANKLIN
245 _aREVENGE OF THE DESERT PHANTON
260 _b"SSIMON & SCHUSTER INC, AMERICA"
_c1985
300 _a157
630 _aREVENGE OF THE DESERT PHANTON
730 _aREVENGE OF THE DESERT PHANTON
942 _cBOOK
999 _c471737
_d471734